| 000 | 00352 a2200157 4500 | ||
|---|---|---|---|
| 001 | 44251 | ||
| 020 | _a8574162639 | ||
| 040 | _cAnchieta - Aquarius | ||
| 100 | _aLotersztain, Ileana | ||
| 240 | 1 | 0 |
_aEssa não é minha cauda _lpor |
| 245 | 1 | 0 | _aEssa não é minha cauda |
| 300 | _a | ||
| 362 | 0 | _a2006 | |
| 650 | 4 | _aLiteratura juvenil | |
| 942 | _cBK | ||
| 999 |
_c44251 _d44251 |
||